header

Love on the rocks (Record no. 73546)

MARC details
000 -LEADER
fixed length control field 01650nam a22003734a 4500
082 04 - DEWEY DECIMAL CLASSIFICATION NUMBER
Classification number 394.1/3/09730904
100 1# - MAIN ENTRY--AUTHOR NAME
Personal name Rotskoff, Lori.
245 10 - TITLE STATEMENT
Title Love on the rocks
260 ## - PUBLICATION, DISTRIBUTION, ETC. (IMPRINT)
Place of publication Chapel Hill :
Name of publisher University of North Carolina Press,
Year of publication c2002.
300 ## - PHYSICAL DESCRIPTION
Number of Pages xi, 307 p.
490 1# - SERIES STATEMENT
Series statement Gender and American culture
650 #0 - SUBJECT ADDED ENTRY--TOPICAL TERM
Topical Term Alcoholism
Topical Term Drinking of alcoholic beverages
Topical Term Alcoholics
Topical Term Alcoholics
Topical Term Sex role
856 40 - ELECTRONIC LOCATION AND ACCESS
Uniform Resource Identifier http://site.ebrary.com/lib/rucke/Doc?id=10047150

No items available.

© 2026 Rongo University
Contact us: librarian | system librarian | Rongo university